[Event "Napoli Winter Cup 1st"]
[Site "Napoli"]
[Date "2017.02.16"]
[Round "5"]
[White "Polizio, Italo"]
[Black "Guglielmi, Domenico Donato"]
[Result "0-1"]
[WhiteElo "1260"]
[BlackElo "1506"]
[PlyCount "94"]
[EventDate "2017.01.19"]
[EventType "swiss"]
[EventRounds "5"]
[EventCountry "ITA"]
[SourceTitle "EXT 2018"]
[Source "ChessBase"]
[SourceDate "2017.10.13"]
[SourceVersion "1"]
[SourceVersionDate "2017.10.13"]
[SourceQuality "1"]

1. e4 c5 2. Nf3 a6 3. Nc3 Nc6 4. d4 cxd4 5. Nxd4 Nf6 6. Bg5 Qa5 7. Bxf6 exf6 8. g3 Bc5 9. Nxc6 dxc6 10. a3 0-0 11. b4 Bxb4 12. axb4 Qxb4 13. Qd2 b5 14. Bg2 Be6 15. 0-0 Rfd8 16. Qe3 h6 17. e5 Bd5 18. Bxd5 cxd5 19. exf6 d4 20. Qf4 Qxc3 21. fxg7 Qxc2 22. Qxh6 Qh7 23. Qb6 Qg6 24. Qxg6 fxg6 25. f4 Kxg7 26. g4 d3 27. f5 d2 28. Rad1 Rd4 29. f6+ Kf7 30. Kh1 Re8 31. h3 a5 32. g5 Rh8 33. Rf3 a4 34. Re3 Re8 35. Rxe8 Kxe8 36. Kg2 b4 37. Kg3 b3 38. h4 a3 39. h5 gxh5 40. Kf3 b2 41. g6 a2 42. f7+ Kf8 43. Ke3 Rd6 44. Rg1 Kg7 45. Rf1 Rd8 46. Rh1 d1Q 47. Rxh5 Qxh5 0-1

[Event "Napoli Autunno Vomero op-B"]
[Site "Napoli"]
[Date "2016.10.06"]
[Round "5"]
[White "Guglielmi, Domenico Donato"]
[Black "Polizio, Italo"]
[Result "1-0"]
[WhiteElo "1542"]
[BlackElo "1258"]
[PlyCount "73"]
[EventDate "2016.09.08"]
[EventType "swiss"]
[EventRounds "7"]
[EventCountry "ITA"]
[SourceTitle "EXT 2018"]
[Source "ChessBase"]
[SourceDate "2017.10.13"]
[SourceVersion "1"]
[SourceVersionDate "2017.10.13"]
[SourceQuality "1"]

1. d4 d5 2. c4 Nf6 3. Nc3 e6 4. Nf3 Bb4 5. a3 Ba5 6. b4 Ne4 7. Nxe4 dxe4 8. Ng5 Bxb4+ 9. axb4 Nc6 10. Nxe4 Nxb4 11. e3 0-0 12. Ba3 Qe7 13. Qb1 Qh4 14. Bxb4 Re8 15. Bd3 f5 16. g3 Qh5 17. Nd2 b6 18. Be2 Qh6 19. Bf3 Rb8 20. 0-0 Bb7 21. Rxa7 Bxf3 22. Nxf3 Qh5 23. Ne5 Rbc8 24. c5 Rf8 25. cxb6 Rf6 26. Rxc7 Re8 27. h4 Rh6 28. Qd1 Qxd1 29. Rxd1 Rf6 30. b7 Rb8 31. Rc8+ Rxc8 32. bxc8Q+ Rf8 33. Qxe6+ Kh8 34. Nf7+ Kg8 35. Nh6+ Kh8 36. Qg8+ Rxg8 37. Nf7# 1-0

[Event "Napoli Province-ch"]
[Site "Napoli"]
[Date "2016.04.14"]
[Round "7"]
[White "Freda, Guido"]
[Black "Polizio, Italo"]
[Result "1-0"]
[WhiteElo "1551"]
[BlackElo "1237"]
[PlyCount "57"]
[EventDate "2016.02.25"]
[EventType "swiss"]
[EventRounds "7"]
[EventCountry "ITA"]
[SourceTitle "EXT 2018"]
[Source "ChessBase"]
[SourceDate "2017.10.13"]
[SourceVersion "1"]
[SourceVersionDate "2017.10.13"]
[SourceQuality "1"]

1. e4 e5 2. Nf3 Nc6 3. Bc4 Nf6 4. Nc3 Bb4 5. d3 Bxc3+ 6. bxc3 d6 7. Bg5 h6 8. Bh4 Bg4 9. 0-0 0-0 10. Re1 Re8 11. d4 exd4 12. cxd4 g5 13. d5 Na5 14. Be2 gxh4 15. Qd2 Kh7 16. Qxa5 Rxe4 17. Bd3 Bxf3 18. gxf3 Qg8+ 19. Kh1 Kh8 20. fxe4 h3 21. Rg1 Ng4 22. Qc3+ f6 23. Raf1 Qg5 24. Be2 h5 25. Qxh3 f5 26. exf5 Nxf2+ 27. Rxf2 Qh6 28. Rg6 Qh7 29. Qc3+ 1-0

[Event "Napoli Province-ch"]
[Site "Napoli"]
[Date "2016.03.03"]
[Round "2"]
[White "Calvanese, Giuseppe"]
[Black "Polizio, Italo"]
[Result "1-0"]
[WhiteElo "1684"]
[BlackElo "1237"]
[PlyCount "93"]
[EventDate "2016.02.25"]
[EventType "swiss"]
[EventRounds "7"]
[EventCountry "ITA"]
[SourceTitle "EXT 2018"]
[Source "ChessBase"]
[SourceDate "2017.10.13"]
[SourceVersion "1"]
[SourceVersionDate "2017.10.13"]
[SourceQuality "1"]

1. e4 e5 2. Bc4 Nf6 3. d3 Nc6 4. Bg5 h6 5. Bh4 g5 6. Bg3 Bc5 7. a3 d6 8. Nc3 Qe7 9. h3 Be6 10. Bb5 Bd7 11. Qd2 Nd4 12. Bxd7+ Qxd7 13. Nce2 Nxe2 14. Nxe2 0-0-0 15. 0-0-0 Qa4 16. Qc3 Bd4 17. Nxd4 Qxd4 18. Qxd4 exd4 19. e5 Nh5 20. Bh2 dxe5 21. Bxe5 Rhe8 22. Rde1 f6 23. Bh2 c5 24. Kd2 b6 25. Re2 Kb7 26. Rhe1 Rxe2+ 27. Rxe2 Kc6 28. g4 Ng7 29. f4 b5 30. fxg5 hxg5 31. Bg3 a5 32. h4 gxh4 33. Bxh4 Rd6 34. Re7 Ne6 35. Bxf6 Nf8 36. g5 Ng6 37. Rg7 Nh4 38. Rh7 Nf3+ 39. Ke2 Ng1+ 40. Kf2 c4 41. Kxg1 c3 42. bxc3 dxc3 43. Bxc3 Kc5 44. Bxa5 Ra6 45. Bb4+ Kb6 46. Rh6+ Kb7 47. Rxa6 1-0